00704nam a22002297a 45000010005000000030009000050050017000140080041000310200015000720400028000870820020001151000025001352450100001602500012002602600033002723000029003055040051003346500030003856500015004157000020004307000024004501840BD-DhUAP20201207164607.0201207s1991 nyua b 001 0 eng d a0471531065 aDLCcDLCdBD-DhUAPbEng00223 a616.89 OLT aOltmanns, Thomas F.  aCase studies in abnormal psychology /cThomas F. Oltmanns, John M. Neale and Gerald C. Davison. a3rd ed. aNew York : bWiley, cc1991. avii, 341 pages ;c24 cm. aIncludes bibliographical references and index. aPsychology, Pathological. aPsychiatry aNeale, John M.  aDavison, Gerald C.